书目信息 |
| 题名: |
IRM-KM范式与情报学发展研究
|
|
| 作者: | 马费成 , 宋恩梅 , 张勤 著 | |
| 分册: | ||
| 出版信息: | 武汉 武汉大学出版社 2008.03 |
|
| 页数: | 400页 | |
| 开本: | 24cm | |
| 丛书名: | 武汉大学学术丛书 | |
| 单 册: | ||
| 中图分类: | G350 | |
| 科图分类: | ||
| 主题词: | 信息管理--xin xi guan li--关系--情报学--研究 | |
| 电子资源: | ||
| ISBN: | 978-7-307-05853-8 | |
| 000 | 01159nam 2200289 450 | |
| 001 | 012008239507 | |
| 005 | 20080807160111.51 | |
| 010 | @a978-7-307-05853-8@dCNY39.00 | |
| 100 | @a20080807d2008 em y0chiy0120 ea | |
| 101 | 0 | @achi |
| 102 | @aCN@b420000 | |
| 105 | @ak a 000yy | |
| 106 | @ar | |
| 200 | 1 | @aIRM-KM范式与情报学发展研究@AIRM-KM fan shi yu qing bao xue fa zhan yan jiu@f马费成, 宋恩梅, 张勤著@Fma fei cheng,song en mei,zhang qin zhu |
| 210 | @a武汉@c武汉大学出版社@d2008.03 | |
| 215 | @a400页@d24cm | |
| 225 | 2 | @a武汉大学学术丛书@Awu han da xue xue shu cong shu |
| 320 | @a有书目 (第391-400页) | |
| 330 | @a本书以库恩的范式和科学共同体理论为基础,考察了IRM共同体的形成,分析了国内外KM研究结构及其范式,结合IRM、KM对情报学发展的影响,提出了情报空间模型,讨论了情报空间中的基本原理,并以实证方式研究了IRM、KM范式下的情报学基本定律。 | |
| 410 | 0 | @12001 @a武汉大学学术丛书 |
| 606 | 0 | @a信息管理@Axin xi guan li@x关系@x情报学@x研究 |
| 690 | @aG350@v4 | |
| 701 | 0 | @a马费成@Ama fei cheng@4著 |
| 701 | 0 | @a宋恩梅@Asong en mei@4著 |
| 701 | 0 | @a张勤@Azhang qin@4著 |
| 801 | 0 | @aCN@bQSSK@c20080807 |
| 905 | @b732514@dG350@eM041@f1 | |
| IRM-KM范式与情报学发展研究/马费成, 宋恩梅, 张勤著.-武汉:武汉大学出版社,2008.03 |
| 400页;24cm.-(武汉大学学术丛书) |
| ISBN 978-7-307-05853-8:CNY39.00 |
| 本书以库恩的范式和科学共同体理论为基础,考察了IRM共同体的形成,分析了国内外KM研究结构及其范式,结合IRM、KM对情报学发展的影响,提出了情报空间模型,讨论了情报空间中的基本原理,并以实证方式研究了IRM、KM范式下的情报学基本定律。 |
| ● |
| 相关链接 |
|
|
|
正题名:IRM-KM范式与情报学发展研究
索取号:G350/M041
 
预约/预借
| 序号 | 登录号 | 条形码 | 馆藏地/架位号 | 状态 | 备注 |
| 1 | 732514 | 207325143 | 社科库409/409社科库 120排3列5层/ [索取号:G350/M041] | 在馆 |